000 00464nam a2200181Ia 4500
003 GCL
008 140319s9999 xx 000 0 eng d
040 _aGCL /
_cGCL
082 0 4 _a843
_bP A
100 1 _aPROU, SUZANNE
245 1 0 _aLES AMIS DE MONSIEUR PAUL /
_cPROU, SUZANNE
260 _a[S.N] :
_bMERCURE DE FRANCE ،
_c1991
300 _a156 P
490 _aCOLLECTION FOLIO
_v0
650 0 4 _aLITERATURE
650 0 4 _aFRENCH LITERATURE
942 _2ddc
_cBK
999 _c23176
_d23176